000 00591nam a2200205 i 4500
001 bg
100 1 _aLippman Stanley, B.
245 1 0 _aPodstawy języka C++ /
_cStanley B. Lippman ; z ang. przeł. Krzysztof Czaja, Jowita Koncewicz-Krzemień.
260 _aWarszawa :
_bWydawnictwa Naukowo-Techniczne,
_c1994.
300 _a662 s. ;
_c24 cm.
504 _aBibiogr. s. 655.
650 9 _aC (język programowania)
020 _a8320416817
040 _cBPK
041 _apol
080 _a004.43
920 _a83-204-1681-7
942 _cKS
008 s pl f |000 0 pol
999 _c6562
_d6562
856 _uhttp://koha.tu.koszalin.pl/cgi-bin/koha/opac-detail.pl?biblionumber=6562
_yKatalog online BPK